Miasta nad Wisłą na mapie - Statystyki

Ogólne statystyki
  • Ten quiz został rozwiązany 327 razy
  • Średni wynik to 21 z 52
Odpowiedzi na mapie
Odpowiedzi zakodowano w zielono-czerwonej skali na mapie do tego quizu, zgodnie z poniższymi procentami.
 
Statystyki odpowiedzi
Miasto % Poprawnych
Warszawa
98%
Kraków
97%
Gdańsk
95%
Toruń
93%
Bydgoszcz
89%
Płock
86%
Włocławek
80%
Wisła
79%
Sandomierz
75%
Grudziądz
73%
Tczew
73%
Puławy
67%
Tarnobrzeg
63%
Otwock
57%
Oświęcim
54%
Kazimierz Dolny
53%
Nowy Dwór Mazowiecki
47%
Świecie
42%
Ustroń
41%
Chełmno
39%
Józefów
39%
Dęblin
34%
Gniew
33%
Skawina
33%
Ciechocinek
32%
Niepołomice
32%
Solec Kujawski
32%
Nowe
31%
Czechowice-Dziedzice
30%
Łomianki
29%
Góra Kalwaria
28%
Dobrzyń nad Wisłą
27%
Skoczów
26%
Annopol
24%
Czerwińsk nad Wisłą
24%
Wyszogród
23%
Karczew
22%
Bieruń
21%
Solec nad Wisłą
21%
Józefów nad Wisłą
20%
Baranów Sandomierski
18%
Nieszawa
18%
Strumień
18%
Zakroczym
18%
Zawichost
17%
Brzeszcze
16%
Opatowiec
15%
Nowe Brzesko
14%
Połaniec
14%
Szczucin
13%
Bobrowniki
10%
Nowy Korczyn
10%
Nie znaleziono quizów pasujących do podanych kryteriów
Rozkład punktacji
Procent ludzi z każdym wynikiem
Percentyl według liczby udzielonych odpowiedzi
Twoja historia wyników
Nie rozwiązałeś tego quizu